000 00891nam a2200253 a 4500
999 _c12564
_d12564
001 12564
003 BD-JhCC
005 20220906100701.0
008 220904b2020 bg a|||| |||a 000 0 ben d
020 _a9789843475978
035 _a(BD-JhCC)12564
040 _aBD-JhCC
_dBD-JhCC
041 _aBengali
082 _a920
_bISL 2020
100 _aইসলাম,জুলফিয়া
245 _a মানচিত্রে শেখ রাসেল /
_cজুলফিয়া ইসলাম, অনুঃ আহমেদ মায়িশা রেজা আগমনী।
260 _aঢাকা :
_bজু্ই প্রকাশনী ;
_c২০২০.
300 _a84 p. :
_bill;
_c24 cm.
650 _aBiography
650 _aSheikh Rasel
700 _aআগমনী, আহমেদ মায়িশা রেজা
942 _2ddc
_cBK